01359nam a2200277 i 450000100060000000300090000600500170001500700030003200800410003502000180007608000500009408000360014408000180018010000370019824502940023526000920052930000300062160000560065160000520070765000390075970000260079871000850082485200330090999900170094295201220095917436ES-MaACL20250928133105.0t|010305s2000 sp ||||1| spa d a84-89318-95-6 a929 Romero de Terreros, Pedro, Conde de Regla a929 Giraldo de Terreros, Alonso a266 (764)"17"1 aRomero de Terreros, Juan.99937710aSan Saba, misión para los apachez b: el plan Terreros para consolidar la frontera norte de Nueva España : lección de ingreso como amigo de número leída el día 28 de febrero de 2000 / cpor D. Juan M. Romero de Terreros de Castilla y palabras de recepción de D. Eric Beerman. aMadrid : bSociedad Bascongada de los Amigos del País, Delegación en Corte, c2000. a143 p. : bil. ; c21 cm.04aRomero de Terreros, Pedro, cConde de Regla99938004aGiraldo de Terreros, Alonso, d1699-1758957196 4aMisiones-zTexas-yS.XVIII.9150831 aBeerman, Eric.9270252 aReal Sociedad Bascongada de los Amigos del País. bDelegación en Corte96371 aES-MaACLjL-24367 bR.129312 c17436d17436 00104070aATENEOMbATENEOMcDEPO2d2008-01-17eSCl0oL-24367p1017789r2023-02-23 00:00:00w2023-02-23yMONOGRAFIA